[Event "9th Lublin GM 2017"]
[Site "Lublin POL"]
[Date "2017.06.08"]
[Round "6.5"]
[White "Janik,Igor"]
[Black "Molenda,Marcin"]
[Result "1-0"]
[WhiteElo "2422"]
[BlackElo "2421"]

1.e4 c5 2.Nf3 d6 3.Bb5+ Nd7 4.O-O a6 5.Bd3 g6 6.c3 Bg7 7.Bc2 b5 8.d4 Bb7 9.Re1
Qc7 10.Nbd2 Rd8 11.Nf1 Ngf6 12.Ng3 O-O 13.Qe2 e5 14.d5 c4 15.h3 Nc5 16.Nh2 Bc8
17.b4 cxb3 18.axb3 Bd7 19.Qf3 Ra8 20.Bg5 Qd8 21.Ng4 Bxg4 22.hxg4 h6 23.Bd2
Nfd7 24.Ra2 a5 25.Rea1 Qb6 26.b4 Nb7 27.Qe2 Nf6 28.Bd3 Rfb8 29.Ra3 Qd8 30.Bxb5
axb4 31.cxb4 Rxa3 32.Rxa3 Qc8 33.f3 Qc2 34.Qd3 Qb2 35.Qc3 Qb1+ 36.Nf1 Nc5
37.bxc5 Qxb5 38.c6 Ne8 39.Qa5 Qe2 40.Qa6 Qd1 41.Ra1 Qb3 42.Rc1 Rb6 43.Qc8 Rb8
44.Qd7 Qb6+ 45.Be3 Qa6 46.c7 Rc8 47.Ra1 Nf6 48.Qd8+ {#r} 1-0

[Event "9th Capo d'Orso Open 2017"]
[Site "Porto Mannu Palau ITA"]
[Date "2017.06.07"]
[Round "6.2"]
[White "Rambaldi,Francesco"]
[Black "Baenziger,Fabian"]
[Result "1-0"]
[WhiteElo "2555"]
[BlackElo "2342"]

1.e4 c5 2.Nf3 d6 3.Bb5+ Nc6 4.O-O Bd7 5.Re1 a6 6.Bf1 Bg4 7.h3 Bxf3 8.Qxf3 g6
9.c3 Bg7 10.d3 e5 11.Nd2 Nge7 12.Qd1 O-O 13.Nf3 h6 14.g3 Kh7 15.h4 Qd7 16.Be3
f5 17.Bh3 Qe8 18.Kg2 Qf7 19.Rh1 Rad8 20.Qe2 b6 21.h5 gxh5 22.exf5 Nxf5 23.Bg4
Kg8 24.Rxh5 Nce7 25.Bd2 Qg6 26.Nh2 d5 27.Rh1 Rd6 28.Bc1 Re6 29.Rh3 Qe8 30.Nf3
e4 31.Nh2 Qc6 32.dxe4 Rxe4 33.Qd1 Qg6 34.Bh5 Qe6 35.Bf3 Rc4 36.Ng4 Rxg4
37.Bxg4 Qf6 38.Bxf5 Qxf5 39.Qe2 Rf6 40.Rh5 Qe6 41.Qxe6+ Rxe6 42.Bxh6 Bxh6
43.Rxh6 Rxh6 44.Rxh6 {#r} 1-0

[Event "FSIM June 2017"]
[Site "Budapest HUN"]
[Date "2017.06.08"]
[Round "6.2"]
[White "Frolov,Artu"]
[Black "Paramzina,A"]
[Result "1-0"]
[WhiteElo "2399"]
[BlackElo "2192"]

1.e4 c5 2.Nf3 d6 3.Bb5+ Nd7 4.c4 Nf6 5.Nc3 g6 6.O-O Bg7 7.d3 O-O 8.Bxd7 Bxd7
9.Bd2 Rb8 10.Rc1 a6 11.a4 b5 12.cxb5 axb5 13.e5 Ne8 14.exd6 Nxd6 15.b3 c4
16.bxc4 bxc4 17.dxc4 Nxc4 18.Bg5 h6 19.Bh4 g5 20.Bg3 Rc8 21.Qe2 Qa5 22.Qxe7
Bg4 23.Ne4 Bxf3 24.gxf3 Kh8 25.h4 gxh4 26.Qxh4 Qxa4 27.Nd6 {#r} 1-0

[Event "CHN Team Men 2017"]
[Site "Beijing CHN"]
[Date "2017.06.10"]
[Round "5.1"]
[White "Gao Rui"]
[Black "Chen,Qi b"]
[Result "1-0"]
[WhiteElo "2543"]
[BlackElo "2340"]
[EventType "team"]

1.e4 c5 2.Nf3 d6 3.Bb5+ Nd7 4.d4 cxd4 5.Qxd4 a6 6.Bxd7+ Bxd7 7.O-O e5 8.Qd3 h6
9.a4 Nf6 10.Re1 Be7 11.c4 O-O 12.Nc3 Qc7 13.b3 Rfd8 14.Ba3 Bf8 15.Nd2 Rac8
16.Rec1 Qb8 17.h3 Be8 18.Bb2 b6 19.b4 Qb7 20.b5 axb5 21.axb5 Ra8 22.Nf1 Bd7
23.Ne3 Be6 24.Ncd5 Nd7 25.Bc3 Nc5 26.Qc2 Be7 27.Rd1 Rxa1 28.Rxa1 Bg5 29.f3
Bxe3+ 30.Nxe3 Kf8 31.Bb4 Qc7 32.Qc3 Ke7 33.Qa3 g6 34.Bxc5 Qxc5 35.Qxc5 dxc5
36.Nd5+ Bxd5 37.exd5 f5 38.Kf2 Rd7 39.Ra6 Rd6 40.g4 Ke8 41.Ke3 Ke7 42.Ra7+ Rd7
43.Ra1 Ke8 44.h4 Ke7 45.Ra6 Rb7 46.Ra8 Kf6 47.Rf8+ Kg7 48.Re8 Kf7 49.Rxe5 fxg4
50.fxg4 Ra7 51.Re6 Ra3+ 52.Ke4 Rc3 53.Rxb6 Rxc4+ 54.Ke5 Rxg4 55.Rb7+ Ke8 56.b6
Rxh4 57.Rh7 Rb4 58.b7 Kd8 59.d6 h5 60.Ke6 Re4+ 61.Kd5 Rb4 {#r} 1-0

[Event "CHN Team Men 2017"]
[Site "Beijing CHN"]
[Date "2017.06.12"]
[Round "7.3"]
[White "Gao Rui"]
[Black "Peng,Hongchi"]
[Result "1-0"]
[WhiteElo "2543"]
[BlackElo "2207"]
[EventType "team"]

1.e4 c5 2.Nf3 d6 3.Bb5+ Nd7 4.O-O a6 5.Bd3 Ngf6 6.Re1 g6 7.c3 Ne5 8.Be2 Bg7
9.d4 Nxf3+ 10.Bxf3 O-O 11.Nd2 Nd7 12.Nb3 Rb8 13.Bf4 e5 14.Be3 c4 15.Nd2 b5
16.a4 Qc7 17.axb5 axb5 18.Be2 Bb7 19.d5 Nc5 20.Qc2 Bc8 21.b4 cxb3 22.Nxb3 Na4
23.Bxb5 Nxc3 24.Bd3 f5 25.Rec1 fxe4 26.Bf1 Nb5 27.Qxc7 Nxc7 28.Rxc7 Rxb3
29.Raa7 Bf6 30.Bg5 Bh8 31.Bh6 Re8 32.Bg7 e3 33.f3 Rb1 34.Bxh8 Kxh8 35.Rxh7+
Kg8 36.Rhg7+ {#r} 1-0

[Event "FSGM June 2017"]
[Site "Budapest HUN"]
[Date "2017.06.06"]
[Round "4.4"]
[White "Havasi,Gergo"]
[Black "Li Bo"]
[Result "1-0"]
[WhiteElo "2393"]
[BlackElo "2383"]

1.e4 c5 2.Nf3 d6 3.Bb5+ Bd7 4.Bxd7+ Qxd7 5.c4 Nc6 6.Nc3 g6 7.d4 cxd4 8.Nxd4
Bg7 9.Be3 Nf6 10.h3 O-O 11.O-O Rfc8 12.b3 a6 13.a4 e6 14.Rc1 Nb4 15.Qd2 Qe8
16.Rfd1 Nd7 17.Nce2 Nc6 18.Nxc6 Rxc6 19.Bd4 Qf8 20.Bxg7 Qxg7 21.Nd4 Rcc8
22.Nf3 Nc5 23.Qe3 Qb2 24.Rb1 Qc2 25.e5 dxe5 26.Nxe5 b6 27.b4 Nxa4 28.Rdc1 Qf5
29.g4 Qf6 30.g5 Qg7 31.Ng4 Kh8 32.Nf6 a5 33.c5 b5 34.bxa5 Rxa5 35.c6 Qf8
36.Qe5 Qg7 37.Rxb5 Raa8 38.c7 Qf8 39.Rc2 h6 40.Rb8 Rcxb8 41.Nd7+ f6 42.cxb8=Q
fxe5 43.Qxf8+ Rxf8 44.Nxf8 hxg5 45.Rc7 Kg8 46.Nxe6 Nb6 47.Rg7+ Kh8 48.Rxg6 Nd7
49.Rxg5 Nf6 50.Rxe5 Kg8 51.Rf5 Kf7 52.Nf4 Kg7 53.Nh5+ Kg6 54.Rxf6+ Kxh5 55.f4
Kh4 56.Kg2 Kh5 57.Ra6 Kh4 58.Rh6# 1-0

[Event "18th ch-EUR Indiv 2017"]
[Site "Minsk BLR"]
[Date "2017.06.10"]
[Round "11.43"]
[White "Zhigalko,A"]
[Black "Andriasian,Z"]
[Result "1-0"]
[WhiteElo "2566"]
[BlackElo "2622"]

1.e4 c5 2.Nf3 d6 3.d4 cxd4 4.Qxd4 Nc6 5.Bb5 Bd7 6.Qd3 g6 7.c4 Bg7 8.Nc3 Nf6
9.O-O O-O 10.h3 Rc8 11.Be3 a6 12.Bxc6 Bxc6 13.Nd4 Nd7 14.Qd2 Nc5 15.f3 Bd7
16.Rac1 Re8 17.b3 Qa5 18.Rfd1 Ne6 19.Nde2 b5 20.Nd5 Qxd2 21.Rxd2 Rb8 22.Nb6
Bc6 23.cxb5 Bxb5 24.Nc3 Nc5 25.Nxb5 axb5 26.Nd5 Ne6 27.Kf2 h5 28.g4 hxg4
29.hxg4 g5 30.Rdc2 Ra8 31.Rd1 Be5 32.Nb6 Ra6 33.Rd5 Kg7 34.Ke2 Nf4+ 35.Bxf4
Bxf4 36.Nc8 e6 37.Rxb5 Rh8 38.Kd3 Rh3 39.Rb6 Rxf3+ 40.Kc4 Ra8 41.Kb5 Re3
42.Nxd6 Bxd6 43.Rxd6 Rxe4 44.Rg2 Kg6 45.Rb6 f5 46.gxf5+ Kxf5 47.a4 g4 48.Rb7
Re5+ 49.Kb4 Kf4 50.Rf7+ Rf5 51.Rg7 Rb8+ 52.Ka3 e5 53.R7xg4+ Ke3 54.Rg1 Rf3
55.Rg8 Rb7 56.R1g7 Rb6 57.a5 Rd6 58.Rg6 Rd5 59.b4 e4 60.a6 Rd1 61.Ka4 Ra1+
62.Kb5 Rf5+ 63.Kb6 Rb1 64.a7 Rxb4+ 65.Kc6 Rc4+ 66.Kd6 Rd4+ 67.Ke6 Ra5 68.a8=Q
Rxa8 69.Rxa8 Rb4 70.Ra3+ Kf2 71.Rf6+ Ke2 72.Rf4 Rb6+ 73.Kd5 e3 74.Re4 {#r} 1-0

[Event "18th ch-EUR Indiv 2017"]
[Site "Minsk BLR"]
[Date "2017.06.10"]
[Round "11.95"]
[White "Macieja,B"]
[Black "Druska,J"]
[Result "0-1"]
[WhiteElo "2530"]
[BlackElo "2430"]

1.e4 c5 2.Nf3 d6 3.d4 cxd4 4.Qxd4 a6 5.h3 Nc6 6.Qe3 g6 7.c4 Bg7 8.Nc3 Nf6
9.Be2 O-O 10.O-O Nd7 11.Rb1 a5 12.b3 Qb6 13.Nd5 Qxe3 14.Bxe3 Nf6 15.Nc7 Rb8
16.Nd2 Ne8 17.Nb5 f5 18.Rbc1 a4 19.bxa4 Nf6 20.c5 f4 21.Bxf4 Nxe4 22.Bc4+ Kh8
23.Nxe4 Rxf4 24.f3 dxc5 25.Nxc5 Bh6 26.Nd3 Rh4 27.Rc2 Nd4 28.g3 Nxc2 29.gxh4
Bxh3 30.Rb1 Bf5 31.Ne5 Bf4 32.Nf7+ Kg7 33.Ng5 Ne3 34.Ne6+ Kf6 35.Rb4 Nc2
36.Rb2 Be5 37.Rxc2 Bxc2 38.Nc5 Rc8 39.Nd7+ Kf5 40.Nb6 Rd8 41.Bd5 Kf4 42.Bxb7
Rb8 43.Kg2 Bxa4 44.Nd5+ Kf5 45.Nxe7+ Ke6 46.Nc6 Rxb7 47.Nd8+ Kd5 48.Nxb7 Bxb5
49.Na5 Bd3 50.Kf2 Bb1 51.Nb3 Bxa2 52.Nd2 Bf4 53.Ne4 Ke5 54.Nc5 Bc4 {#R} 0-1

[Event "39th Nezhmetdinov Mem"]
[Site "Kazan RUS"]
[Date "2017.06.06"]
[Round "7.10"]
[White "Yandemirov,V"]
[Black "Shyam,SM"]
[Result "0-1"]
[WhiteElo "2387"]
[BlackElo "2535"]

1.e4 c5 2.Nf3 d6 3.d4 cxd4 4.Qxd4 Nf6 5.Bb5+ Bd7 6.Bxd7+ Qxd7 7.O-O g6 8.c4
Bg7 9.Nc3 O-O 10.Qd3 Nc6 11.Bg5 Ng4 12.Rac1 f5 13.h3 Nge5 14.Nxe5 Nxe5 15.Qd5+
e6 16.Qb5 Nc6 17.c5 dxc5 18.Rcd1 Qf7 19.Qxc5 f4 20.e5 Qf5 21.Be7 Rf7 22.Bd6 f3
23.Rfe1 fxg2 24.Qe3 Nxe5 25.Bxe5 Bxe5 26.Re2 Bc7 27.Kxg2 Raf8 28.Qe4 Qg5+
29.Qg4 Qxg4+ 30.hxg4 Rf4 31.g5 Rg4+ 32.Kf1 Rxg5 33.Rxe6 Re5 34.Rxe5 Bxe5
35.Ne4 Bxb2 36.Rb1 Rf4 37.Nc5 Bd4 38.Ne6 Rxf2+ 39.Ke1 Rb2 40.Rd1 Bc3+ 41.Kf1
Bd2 42.Nc5 Rc2 43.Ne4 Rc1 {#R} 0-1

[Event "44th OKU 2017"]
[Site "Utrecht NED"]
[Date "2017.06.11"]
[Round "6.17"]
[White "Bekedam,Tyro"]
[Black "Van Dael,Siem"]
[Result "0-1"]
[WhiteElo "2053"]
[BlackElo "2233"]

1.e4 c5 2.Nf3 d6 3.d4 cxd4 4.Qxd4 Nc6 5.Bb5 Bd7 6.Qd3 Rc8 7.Nc3 Nb4 8.Bxd7+
Qxd7 9.Qe2 g6 10.Be3 Bg7 11.Bd4 Nf6 12.Rd1 O-O 13.e5 Nfd5 14.O-O Nf4 15.Qe3
Qg4 16.Ne1 Nxc2 17.Qg3 Qxg3 18.hxg3 Nxd4 19.gxf4 dxe5 20.fxe5 Bxe5 21.Nd3 Bd6
22.Rfe1 Rfd8 23.Ne4 Nc2 24.Re2 Nb4 25.Nxb4 Bxb4 26.Rxd8+ Rxd8 27.a3 Rd1+
28.Kh2 Re1 29.Rxe1 Bxe1 30.Kg3 b6 31.Kf3 f5 32.Ng5 Bd2 33.Ne6 Bc1 34.b3 Bxa3
35.Nd4 Bc5 36.Nc6 a5 {#R} 0-1

[Event "CHN Team Women 2017"]
[Site "Beijing CHN"]
[Date "2017.06.08"]
[Round "3.3"]
[White "Zhou Guijue"]
[Black "Liu Shilan"]
[Result "1-0"]
[WhiteElo "2250"]
[BlackElo "2137"]
[EventType "team"]

1.e4 c5 2.Nf3 d6 3.d4 cxd4 4.Qxd4 Nc6 5.Bb5 Bd7 6.Bxc6 Bxc6 7.c4 Nf6 8.Nc3 g6
9.O-O Bg7 10.Qd3 O-O 11.Nd4 Rc8 12.b3 a6 13.Bb2 Qa5 14.f3 Nd7 15.Kh1 Nc5
16.Qd2 Ne6 17.Nxc6 bxc6 18.Rfd1 Qh5 19.Ne2 Rfd8 20.Bxg7 Kxg7 21.Nc3 Qe5 22.g3
g5 23.Rac1 Kh8 24.Kg2 Rg8 25.Re1 Rg6 26.Nd1 f6 27.Ne3 h5 28.Nf5 Ng7 29.b4 h4
30.c5 h3+ 31.Kf2 d5 32.Nxg7 Rxg7 33.exd5 Qc7 34.dxc6 e5 35.Qd6 Qf7 36.Re2 Rgg8
37.Rd1 Qc4 38.Qxf6+ Rg7 39.Rd7 {#r} 1-0

[Event "CHN Team Women 2017"]
[Site "Beijing CHN"]
[Date "2017.06.10"]
[Round "5.4"]
[White "Zhou Guijue"]
[Black "Zhao,Shengxin"]
[Result "1-0"]
[WhiteElo "2250"]
[BlackElo "2112"]
[EventType "team"]

1.e4 c5 2.Nf3 d6 3.d4 cxd4 4.Qxd4 Nc6 5.Bb5 Bd7 6.Bxc6 Bxc6 7.c4 Nf6 8.Nc3 g6
9.O-O Bg7 10.Qd3 O-O 11.Nd4 Rc8 12.b3 Qd7 13.f3 e5 14.Ndb5 Bxb5 15.Nxb5 a6
16.Nc3 Qc6 17.Bb2 Rfd8 18.Rad1 Rd7 19.Qe2 Nh5 20.Nd5 Nf6 21.Nxf6+ Bxf6 22.Rd5
Bg7 23.Rfd1 b6 24.Qd3 Rcd8 25.g3 f6 26.Kg2 Bf8 27.a4 a5 28.Bc1 Kg7 29.Be3 Rb7
30.Rb5 Rdd7 31.Qd5 Qc7 32.b4 axb4 33.Rxb4 Be7 34.Rdb1 Bd8 35.a5 Qc8 36.Bxb6
Bxb6 37.Rxb6 Rxb6 38.Rxb6 Qc7 39.Qb5 Qc8 40.a6 Rc7 41.Rb8 Qe6 42.Rb7 {#r} 1-0

[Event "9th Lublin GM 2017"]
[Site "Lublin POL"]
[Date "2017.06.07"]
[Round "5.3"]
[White "Llaneza Vega,M"]
[Black "Natsidis,C"]
[Result "0-1"]
[WhiteElo "2424"]
[BlackElo "2312"]

1.e4 c5 2.Nc3 e6 3.Nf3 a6 4.d4 cxd4 5.Nxd4 d6 6.Bd3 Nf6 7.Qe2 g6 8.O-O Bg7
9.Bg5 O-O 10.Rad1 Nbd7 11.Kh1 b5 12.a3 Qb6 13.Be3 Qc7 14.f4 Bb7 15.Nf3 Rac8
16.Qe1 Nc5 17.Bd4 Ncd7 18.Qh4 e5 19.Be3 exf4 20.Bxf4 Ne5 21.Nxe5 dxe5 22.Bg5
Nh5 23.Ne2 Qc6 24.Rf2 f6 25.Bd2 f5 26.Nc3 f4 27.Rf3 Nf6 28.g3 Rce8 29.Rdf1 h6
30.gxf4 exf4 31.Qxf4 Qe6 32.Qe3 Ng4 33.Rxf8+ Bxf8 34.Qg3 Bg7 35.h3 Nf6 36.Qxg6
Qxh3+ 37.Kg1 Re6 38.Rf2 Nxe4 39.Qf7+ Kh8 40.Rg2 Qxg2+ 41.Kxg2 Nd6+ 42.Qxb7
Nxb7 43.a4 Nc5 44.axb5 Nxd3 45.cxd3 axb5 46.Kf3 b4 47.Ne2 Bf8 48.b3 Kg7 49.Nf4
Ra6 50.Ke4 Ra2 51.Be3 Kf7 52.Kd5 Rb2 53.Ne6 Rxb3 54.Nxf8 Rxd3+ {#R} 0-1

[Event "12th American Continental"]
[Site "Medellin COL"]
[Date "2017.06.11"]
[Round "2.9"]
[White "Sanchez Alvarez,Kelvin Antonio"]
[Black "Pichot,A"]
[Result "0-1"]
[WhiteElo "2257"]
[BlackElo "2577"]

1.e4 c5 2.Nf3 Nc6 3.d4 cxd4 4.Nxd4 Nf6 5.Nc3 d6 6.f3 e5 7.Nb3 Be7 8.Be3 O-O
9.Qd2 Be6 10.Nd5 Bxd5 11.exd5 Nb8 12.Be2 a5 13.a4 Nbd7 14.O-O Qc7 15.c4 Nh5
16.Rfd1 b6 17.Qc2 g6 18.Nd2 f5 19.Nb1 Nf4 20.Bf1 Nc5 21.Nc3 Bg5 22.Re1 Qd8
23.Bf2 Nh5 24.Rad1 Bh4 25.g3 Bg5 26.Nb5 Nf6 27.Bg2 Bh6 28.Re2 Qd7 29.Rde1 Rf7
30.Bh3 Qd8 31.Bg2 f4 32.Bh3 fxg3 33.Bxc5 bxc5 34.Be6 Bf4 35.hxg3 Bxg3 36.Rf1
Nh5 37.Rg2 Kg7 38.Bxf7 Kxf7 39.Qe4 Bf4 40.Rg4 Qf6 41.Kf2 Ng7 42.Rfg1 Nf5
43.Ke2 Ne3 44.Kd3 Nxg4 45.fxg4 Ke7 46.Kc2 Bg5 47.Rh1 h6 48.Kb1 Rf8 49.Ka2 Qf4
50.Qe2 Qf3 51.Qe1 Qxg4 52.Qxa5 Qxc4+ 53.Ka3 Qxd5 54.Qc7+ Ke6 55.Rh3 Rf1
56.Qc8+ Kf7 57.Qb7+ Qxb7 58.Nxd6+ Ke6 59.Nxb7 e4 60.Nxc5+ Kd5 61.Nb3 e3 62.Rh2
Rf2 63.Rh1 e2 64.Re1 Be7+ {#R} 0-1

[Event "10th Mayors Cup Open 2017"]
[Site "Mumbai IND"]
[Date "2017.06.07"]
[Round "5.12"]
[White "Hossain,Enam"]
[Black "Ramakrishna,J"]
[Result "1-0"]
[WhiteElo "2452"]
[BlackElo "2157"]

1.e4 c5 2.Nf3 d6 3.d4 cxd4 4.Nxd4 Nf6 5.Nc3 Nc6 6.Bg5 Qb6 7.Nb3 e6 8.Bxf6 gxf6
9.Qd2 Bd7 10.O-O-O O-O-O 11.f4 h5 12.Kb1 Kb8 13.Be2 Be7 14.Rhf1 h4 15.Rf3 a6
16.Bf1 Rc8 17.Qe1 Rc7 18.Rh3 Rhc8 19.f5 Ne5 20.Rxh4 a5 21.Rh3 a4 22.Nd4 a3
23.Ncb5 Nc4 24.Rb3 axb2 25.Nxc7 Qxc7 26.Qb4 Bf8 27.Qxc4 Qxc4 28.Bxc4 Rxc4
29.Rh3 e5 30.Rh7 Ba4 31.Rxf7 Bh6 32.Nb3 Bxb3 33.axb3 Rxe4 {#r} 1-0

[Event "CHN Team Men 2017"]
[Site "Beijing CHN"]
[Date "2017.06.06"]
[Round "1.1"]
[White "Qu Yanqiao"]
[Black "Huang,Renjie"]
[Result "0-1"]
[WhiteElo "2154"]
[BlackElo "2156"]
[EventType "team"]

1.e4 c5 2.Nf3 d6 3.d4 Nf6 4.Nc3 cxd4 5.Nxd4 g6 6.f4 Nc6 7.Nxc6 bxc6 8.e5 Ng4
9.Be2 Nh6 10.exd6 Qxd6 11.Bf3 Qxd1+ 12.Nxd1 Bd7 13.Be3 Nf5 14.Bf2 Bg7 15.c3
O-O 16.Ne3 Rab8 17.O-O-O Nd6 18.Kc2 Be6 19.Bxc6 Bxa2 20.Bd5 Bxd5 21.Nxd5 Nc4
22.b3 Na3+ 23.Kb2 Nb5 24.Nxe7+ Kh8 25.Nd5 Rfd8 26.Kc2 Rbc8 27.c4 Na3+ 28.Kd3
Rb8 29.Bxa7 Rxb3+ 30.Ke2 Nxc4 31.Rhe1 Rb2+ 32.Kf1 Nd2+ 33.Kg1 Rxd5 34.Re8+ Bf8
35.Rc1 Kg7 36.f5 gxf5 {#R} 0-1

[Event "10th Mayors Cup Open 2017"]
[Site "Mumbai IND"]
[Date "2017.06.10"]
[Round "9.1"]
[White "Tukhaev,A"]
[Black "Nguyen Duc Hoa"]
[Result "0-1"]
[WhiteElo "2557"]
[BlackElo "2481"]

1.e4 c5 2.Nf3 d6 3.d4 cxd4 4.Nxd4 Nf6 5.Nc3 g6 6.Be3 Bg7 7.f3 Nc6 8.Qd2 O-O
9.g4 Be6 10.Nxe6 fxe6 11.O-O-O Ne5 12.Be2 Qc8 13.Bh6 Bxh6 14.Qxh6 Qc5 15.h4 b5
16.Qd2 h5 17.Nxb5 hxg4 18.h5 gxf3 19.Bf1 Nxh5 20.b4 Qb6 21.Rxh5 gxh5 22.Qg5+
Kf7 23.Bc4 f2 24.Nd4 Ke8 25.Bb5+ Qxb5 26.Nxb5 f1=Q 27.Rxf1 Rxf1+ 28.Kb2 Kd7
29.Qxh5 Rf3 30.a4 Rb8 31.c3 Rg8 32.Nxa7 Rg2+ 33.Kb3 Rff2 34.a5 Ra2 35.c4 Rgb2+
36.Kc3 Rh2 {#R} 0-1

[Event "44th OKU 2017"]
[Site "Utrecht NED"]
[Date "2017.06.10"]
[Round "4.4"]
[White "Ten Hertog,H"]
[Black "Tiggelman,R"]
[Result "1-0"]
[WhiteElo "2457"]
[BlackElo "2236"]

1.e4 c5 2.Nf3 d6 3.d4 cxd4 4.Nxd4 Nf6 5.Nc3 g6 6.Be3 Bg7 7.f3 O-O 8.Qd2 Nc6
9.g4 Be6 10.Nxe6 fxe6 11.O-O-O Ne5 12.Be2 Qc8 13.h4 Nc4 14.Bxc4 Qxc4 15.Bd4 b5
16.Kb1 b4 17.Ne2 a5 18.h5 Kf7 19.hxg6+ hxg6 20.g5 Nh5 21.Rxh5 Bxd4 22.Nxd4
gxh5 23.Qh2 Kg6 24.f4 Rac8 25.b3 Qc3 26.Nxe6 Qf3 27.f5+ Kf7 28.g6+ Ke8 29.Rd3
Qf1+ 30.Kb2 Rg8 31.Nf4 Rc3 32.f6 Rxg6 33.Qxh5 Qxf4 34.Qxg6+ Kd7 35.fxe7 Rc8
36.Rd5 Kxe7 37.Rf5 Rxc2+ 38.Kxc2 Qxe4+ 39.Kd2 Qd4+ 40.Ke2 Qe4+ 41.Kf2 Qc2+
42.Kg3 Qd3+ 43.Kh4 Qd4+ 44.Kh5 Qd1+ 45.Qg4 Qh1+ 46.Qh4+ {#r} 1-0

[Event "12th American Continental"]
[Site "Medellin COL"]
[Date "2017.06.11"]
[Round "2.11"]
[White "Del Castilho,M"]
[Black "Vasquez Schroeder,R"]
[Result "0-1"]
[WhiteElo "2254"]
[BlackElo "2553"]

1.e4 c5 2.Nf3 e6 3.d4 cxd4 4.Nxd4 a6 5.Nc3 Qc7 6.g3 Nf6 7.Bg2 d6 8.O-O Be7
9.f4 O-O 10.g4 Nc6 11.Nb3 g6 12.g5 Nh5 13.f5 Ne5 14.f6 Bd8 15.Kh1 b5 16.Ne2 h6
17.Nf4 Nxf4 18.Rxf4 hxg5 19.Rf1 Kh7 20.Bxg5 Rh8 21.Rf4 Kg8 22.Rh4 Rxh4 23.Bxh4
Bb7 24.Qd2 Kh7 25.Bg5 Kg8 26.Qf2 Kf8 27.Qh4 Ke8 28.Bf4 Kd7 29.Bxe5 dxe5
30.Rd1+ Kc6 31.Qf2 Bc8 32.Qd2 Bxf6 33.Na5+ Kb6 34.b4 Qe7 35.c4 Bb7 36.c5+ Kc7
37.c6 Bc8 38.Qc3 Rb8 39.Qe3 Rb6 40.Qc3 Bg7 41.a3 f6 42.Qg3 g5 43.Qc3 g4 44.Qg3
f5 45.h3 gxh3 46.Qxh3 Qf6 47.Qh5 Qh6 48.Qxh6 Bxh6 49.Kh2 Rb8 50.Kg3 Be3 51.Rh1
f4+ 52.Kf3 Bb6 53.Rc1 Bxa5 54.bxa5 b4 55.axb4 Rxb4 56.Rh1 Ra4 57.Rh8 Rxa5
58.Bh3 Rc5 {#R} 0-1

[Event "CHN Team Men 2017"]
[Site "Beijing CHN"]
[Date "2017.06.10"]
[Round "5.5"]
[White "Liu Guanchu"]
[Black "Wu Xibin"]
[Result "1-0"]
[WhiteElo "2453"]
[BlackElo "2232"]
[EventType "team"]

1.e4 c5 2.Nf3 e6 3.d4 cxd4 4.Nxd4 Nf6 5.Nc3 d6 6.g4 h6 7.Bg2 Nc6 8.h3 a6
9.Nxc6 bxc6 10.e5 Nd5 11.exd6 Bxd6 12.Ne4 O-O 13.c4 Bb4+ 14.Bd2 Bxd2+ 15.Qxd2
Qe7 16.O-O Nb6 17.b3 a5 18.Rad1 a4 19.Qd6 Qa7 20.Nc5 Ba6 21.Bxc6 Rad8 22.Qxd8
Rxd8 23.Rxd8+ Kh7 24.Nxa6 Qxa6 25.c5 Nd5 26.Bxd5 exd5 27.Rxd5 Qe2 28.Rc1 Qxa2
29.c6 axb3 30.c7 b2 31.Rdd1 {#r} 1-0

[Event "CHN Team Men 2017"]
[Site "Beijing CHN"]
[Date "2017.06.06"]
[Round "1.2"]
[White "Peng,Hongchi"]
[Black "Lin Chen"]
[Result "0-1"]
[WhiteElo "2207"]
[BlackElo "2455"]
[EventType "team"]

1.e4 c5 2.Nf3 d6 3.d4 cxd4 4.Nxd4 Nf6 5.Nc3 e6 6.Be2 Be7 7.O-O O-O 8.Be3 Nc6
9.f4 e5 10.fxe5 dxe5 11.Nxc6 bxc6 12.Qe1 Be6 13.a3 Qc7 14.Qf2 Rfb8 15.b3 Qa5
16.Qe1 Bc5 17.Bf3 Rd8 18.Kh1 Bxe3 19.Qxe3 Rd4 20.Ne2 Rd7 21.Qc3 Qxc3 22.Nxc3
Rd2 23.Rac1 Rad8 24.h3 h5 25.Rfd1 g5 26.Kg1 R8d6 27.Re1 Nd7 28.Be2 R2d4
29.Rcd1 c5 30.Kf2 Kg7 31.Ke3 Kg6 32.Bf3 a6 33.Rf1 {#R} 0-1

[Event "21st Voronezh Master Open"]
[Site "Voronezh RUS"]
[Date "2017.06.12"]
[Round "1.8"]
[White "Vaishali,R"]
[Black "Bocharov,D"]
[Result "1-0"]
[WhiteElo "2312"]
[BlackElo "2579"]

1.Nf3 c5 2.e4 e6 3.d4 cxd4 4.Nxd4 a6 5.Be2 Nf6 6.Nc3 Qc7 7.O-O d6 8.f4 Nbd7
9.a4 b6 10.Bf3 Bb7 11.Qe2 e5 12.Nd5 Nxd5 13.exd5 g6 14.Nc6 Bg7 15.fxe5 Nxe5
16.Nxe5 Bxe5 17.Bh6 O-O-O 18.Be3 Bxb2 19.Ra2 Bc3 20.Rb1 Rhe8 21.Qd3 Rxe3
22.Qxe3 Qc4 23.Kh1 Bd4 24.Qb3 Qxb3 25.cxb3 Re8 26.Re2 Be5 27.g3 Kd8 28.Kg2 f5
29.h4 Re7 30.Rc1 a5 31.Rd2 h6 32.Rc4 g5 33.hxg5 hxg5 34.Kf2 Rh7 35.Bg2 Rf7
36.Rd1 f4 37.g4 Bb2 38.Be4 Re7 39.Kf3 Ba3 40.Rh1 Bc5 41.Rh8+ Kc7 42.Rc2 b5
43.Rch2 bxa4 44.bxa4 Ba6 45.R2h7 Rxh7 46.Rxh7+ Kb6 47.Rg7 Bc4 48.Rxg5 Bb3
49.Rg8 Bxa4 50.g5 Bd1+ 51.Kxf4 Bd4 52.Rg7 {#r} 1-0

[Event "39th Nezhmetdinov Mem"]
[Site "Kazan RUS"]
[Date "2017.06.07"]
[Round "8.6"]
[White "Kalegin,E"]
[Black "Smirnov,P"]
[Result "0-1"]
[WhiteElo "2420"]
[BlackElo "2589"]

1.e4 c5 2.Nf3 d6 3.d4 cxd4 4.Nxd4 Nf6 5.Nc3 a6 6.Be2 e6 7.O-O Be7 8.f4 O-O
9.Kh1 Qc7 10.Qe1 b5 11.Bf3 Bb7 12.e5 Ne8 13.Bxb7 Qxb7 14.a3 Nc6 15.Nf3 Rd8
16.Ne4 dxe5 17.fxe5 Nd4 18.Nxd4 Rxd4 19.Ng3 Nc7 20.Be3 Rc4 21.c3 Rh4 22.Rd1
Nd5 23.Bc1 Qc7 24.Rd3 a5 25.Bd2 Nb6 26.Rf4 Nc4 27.Rdd4 Rxf4 28.Bxf4 Rd8
29.Rxd8+ Qxd8 30.Qe2 Nxb2 31.Qxb5 Qd1+ {#R} 0-1

[Event "18th ch-EUR Indiv 2017"]
[Site "Minsk BLR"]
[Date "2017.06.10"]
[Round "11.86"]
[White "Pacher,M"]
[Black "Oleksiyenko,Mykhaylo"]
[Result "0-1"]
[WhiteElo "2450"]
[BlackElo "2636"]

1.e4 c5 2.Nf3 d6 3.d4 cxd4 4.Nxd4 Nf6 5.Nc3 a6 6.Bc4 e6 7.Bb3 Nc6 8.Be3 Qc7
9.Qe2 Na5 10.g4 Nxb3 11.axb3 h6 12.Rg1 g6 13.Ndb5 Qb8 14.e5 dxe5 15.Ba7 Rxa7
16.Nxa7 Qxa7 17.Qxe5 Bg7 18.Nd5 Nxd5 19.Qxg7 Rf8 20.Rg3 Qc5 21.O-O-O Qxf2
22.Rgd3 Ke7 23.Kb1 Qf6 24.Qxh6 g5 25.Qh7 Qg6 26.Qxg6 fxg6 27.Rh3 Rf7 28.Rhd3
Bd7 29.c4 Nf6 30.h3 Bc6 31.Re3 Nd7 32.Kc2 e5 33.b4 Rf4 34.Kc3 Ke6 35.Rde1 Rf8
36.b3 e4 37.Kd4 Rd8 38.R1e2 Ne5+ 39.Kc5 Nd7+ 40.Kd4 Nf6+ 41.Kc5 Ke5 42.Kb6 Rc8
43.Ka5 Nd7 44.b5 axb5 45.cxb5 Bd5 46.Kb4 Kd4 47.h4 gxh4 48.g5 b6 {#R} 0-1

[Event "8th Dolomiti Open 2017"]
[Site "Forni di Sopra ITA"]
[Date "2017.06.11"]
[Round "2.11"]
[White "Loiacono,Antonio"]
[Black "Stany,G"]
[Result "0-1"]
[WhiteElo "2155"]
[BlackElo "2489"]

1.e4 c5 2.Nf3 d6 3.d4 cxd4 4.Nxd4 Nf6 5.Nc3 a6 6.Bc4 e6 7.Bb3 Qc7 8.O-O Be7
9.Kh1 Nc6 10.f4 O-O 11.Be3 b5 12.a3 Na5 13.Qd3 Nxb3 14.cxb3 Bb7 15.Rac1 Qd7
16.b4 Rac8 17.Nb3 Rfe8 18.Rfd1 Ba8 19.Bd4 e5 20.Be3 Bf8 21.f5 Rc7 22.Re1 Rxc3
23.Rxc3 Bxe4 24.Qe2 Qxf5 25.Nd2 Ba8 26.Rf1 Qg6 27.Bg1 Nd5 28.Rg3 Qe6 29.Ne4
Nf4 30.Qe1 h6 31.Nd2 Rc8 32.Nf3 Rc2 33.Rf2 Nd3 34.Rxc2 Nxe1 35.Nxe1 Be7
36.Rgc3 Be4 37.Re2 f5 38.Nf3 Bf6 39.Nd2 Bd5 40.Nf3 f4 41.Rcc2 Qg4 42.Ne1 Bb3
43.Rcd2 Bc4 44.Rf2 Bh4 {#R} 0-1

[Event "FSIM June 2017"]
[Site "Budapest HUN"]
[Date "2017.06.06"]
[Round "4.1"]
[White "Farago,S"]
[Black "Paramzina,A"]
[Result "0-1"]
[WhiteElo "2273"]
[BlackElo "2192"]

1.e4 c5 2.Nf3 d6 3.d4 cxd4 4.Nxd4 Nf6 5.Nc3 a6 6.Bc4 e6 7.Bb3 Nbd7 8.Qe2 Nc5
9.Bg5 Be7 10.f4 h6 11.Bxf6 Bxf6 12.O-O-O Qc7 13.g4 b5 14.h4 Bb7 15.a3 Nxb3+
16.cxb3 Qc5 17.b4 Qb6 18.Qd3 Rc8 19.Ne2 O-O 20.g5 Bxc3 21.Nxc3 h5 22.Rhe1 d5
23.exd5 Bxd5 24.g6 Qf2 25.Kb1 Bb3 26.gxf7+ Rxf7 27.Rc1 Bc4 28.Qd1 Rff8 29.Ka1
Qxh4 30.Re5 Rcd8 31.Qg1 Rxf4 32.Qb6 Rdf8 33.Rxe6 Rf1 34.Nd1 Qh3 35.Re3 Qd7
{#R} 0-1